História a súčasnosť slovenského kapitálového trhu bakalárska práca

Saved in:
Bibliographic Details
Main Author: Hranická, Veronika
Corporate Author: Národohospodárska fakulta EU. Katedra bankovníctva a medzinárodných financií
Other Authors: Árendáš, Peter, 1986-
Format: Book
Language:Slovak
Published: Bratislava 2011
Tags: Add Tag
No Tags, Be the first to tag this record!

MARC

LEADER 00000nbm a2200000 4500
001 0139764
005 20161109111644.5
041 0 |a slo 
044 |a SK 
245 1 0 |a História a súčasnosť slovenského kapitálového trhu  |b bakalárska práca  |c Veronika Hranická ; školiteľ:Peter Árendáš 
264 1 |a Bratislava  |c 2011 
300 |a 41 s. 
100 1 |a Hranická, Veronika 
700 1 |a Árendáš, Peter, 1986- 
710 2 |a Národohospodárska fakulta EU. Katedra bankovníctva a medzinárodných financií